Statistics for European Languages That Don't Use the Roman Alphabet

Click here to take the quiz!

General Stats

  • This quiz has been taken 654 times
  • The average score is 6 of 8

Answer Stats

Answer% Correct
Russian
99%
Greek
94%
Ukrainian
91%
Bulgarian
88%
Serbian
88%
Macedonian
76%
Belarusian
68%
Yiddish
20%

Score Distribution

Percentile by Number Answered

Percent of People with Each Score

Your Score History

You have not taken this quiz